[Event "ESP-ch (Women)"]
[Site "Linares"]
[Date "2015.08.17"]
[Round "4"]
[White "Riera Morilla, Elizabeth"]
[Black "Perera Borrego, Mariela"]
[Result "0-1"]
[WhiteElo "1963"]
[BlackElo "2139"]
[PlyCount "84"]
[EventDate "2015.08.15"]
[EventType "swiss"]
[EventRounds "9"]
[EventCountry "ESP"]
[SourceTitle "EXT 2016"]
[Source "ChessBase"]
[SourceDate "2015.10.08"]
[SourceVersion "1"]
[SourceVersionDate "2015.10.08"]
[SourceQuality "1"]

1. e4 d6 2. d4 Nf6 3. Nc3 e5 4. Nf3 Nbd7 5. Bc4 Be7 6. 0-0 0-0 7. a4 a5 8. h3 c6 9. Ba2 exd4 10. Qxd4 Nc5 11. Rd1 Be6 12. Be3 Nfd7 13. Qd2 Bxa2 14. Rxa2 f5 15. exf5 Rxf5 16. Ne2 Ne4 17. Qc1 Qf8 18. Ned4 Rf6 19. c4 c5 20. Nb5 Rxf3 21. gxf3 Qxf3 22. Nc3 Nxc3 23. bxc3 Ne5 24. Qd2 Qxh3 25. Qd5+ Kh8 26. Qg2 Qxg2+ 27. Kxg2 Nxc4 28. Rb1 b6 29. Bf4 Kg8 30. Re2 Kf7 31. Rd1 Rd8 32. Rd5 g6 33. Re4 b5 34. axb5 Nb6 35. Rd1 Rd7 36. Bh6 g5 37. Rde1 Nd5 38. c4 Nf4+ 39. Kf3 Bf6 40. Kg4 Kg6 41. Rh1 Nd3 42. Rh2 Be5 0-1

[Event "Llinars del Valles op-A 9th"]
[Site "Llinars del Valles"]
[Date "2015.05.16"]
[Round "6"]
[White "Baltasar Diaz, Vicente"]
[Black "Riera Morilla, Elizabeth"]
[Result "0-1"]
[WhiteElo "1624"]
[BlackElo "1994"]
[PlyCount "88"]
[EventDate "2015.04.11"]
[EventType "swiss"]
[EventRounds "9"]
[EventCountry "ESP"]
[SourceTitle "EXT 2016"]
[Source "ChessBase"]
[SourceDate "2015.10.08"]
[SourceVersion "1"]
[SourceVersionDate "2015.10.08"]
[SourceQuality "1"]

1. e4 c5 2. Nf3 Nc6 3. Bb5 Nd4 4. Nxd4 cxd4 5. 0-0 g6 6. d3 Bg7 7. Nd2 a6 8. Ba4 b5 9. Bb3 e6 10. Nf3 Ne7 11. Bg5 d6 12. Qc1 0-0 13. Bh6 Nc6 14. Bxg7 Kxg7 15. c3 Qf6 16. cxd4 Nxd4 17. Nxd4 Qxd4 18. Qc3 Qxc3 19. bxc3 Bb7 20. c4 bxc4 21. Bxc4 Rfd8 22. Rab1 Rd7 23. Bb3 d5 24. e5 d4 25. Rfc1 Bd5 26. f4 Raa7 27. Bxd5 Rxd5 28. Rc4 a5 29. a4 Rad7 30. Kf2 g5 31. g3 f6 32. exf6+ Kxf6 33. Kf3 gxf4 34. gxf4 Rh5 35. Rb2 Rh3+ 36. Kg4 Rxd3 37. Rb5 Rg7+ 38. Rg5 h6 39. Rxg7 Kxg7 40. f5 exf5+ 41. Kxf5 Rf3+ 42. Ke4 Rh3 43. Rxd4 Rxh2 44. Rd5 Rh4+ 0-1

[Event "ESP-ch 79th"]
[Site "Linares"]
[Date "2014.09.01"]
[Round "8"]
[White "Castilla Leon Salas, Carlos"]
[Black "Riera Morilla, Elizabeth"]
[Result "1-0"]
[WhiteElo "2190"]
[BlackElo "1976"]
[PlyCount "103"]
[EventDate "2014.08.25"]
[EventType "swiss"]
[EventRounds "9"]
[EventCountry "ESP"]
[SourceTitle "CBM 162 Extra"]
[Source "ChessBase"]
[SourceDate "2014.10.17"]
[SourceVersion "1"]
[SourceVersionDate "2014.10.17"]
[SourceQuality "1"]

1. d4 d5 2. c4 e6 3. Nc3 Nf6 4. cxd5 exd5 5. Bg5 Be7 6. e3 Nbd7 7. Bd3 c6 8. Nf3 Nf8 9. 0-0 Ne6 10. Bh4 g6 11. b4 a6 12. Rb1 Ng7 13. a4 Ne4 14. Bxe7 Qxe7 15. Qc2 Nxc3 16. Qxc3 Bf5 17. Rfc1 Be4 18. Bxe4 dxe4 19. Ne5 0-0 20. b5 axb5 21. axb5 cxb5 22. Qb3 Nf5 23. Qxb5 Rfc8 24. Nc4 Ra2 25. h3 Qh4 26. Rf1 Rc2 27. Na3 R2c7 28. Qd5 Rd8 29. Qa5 Rcd7 30. Rfc1 Qf6 31. Nc4 Rd5 32. Qb6 Qg5 33. Ne5 Nh4 34. g3 Nf5 35. Qc7 Nd6 36. Rb6 Rc8 37. Qxc8+ Nxc8 38. Rxc8+ Rd8 39. Rxd8+ Qxd8 40. Rxb7 f5 41. Nc6 Qd6 42. d5 h6 43. Rb8+ Kg7 44. Rd8 Qc7 45. Nd4 Qc1+ 46. Kg2 Kf6 47. d6 Qc5 48. h4 h5 49. d7 Ke7 50. Rc8 Qd6 51. d8Q+ Qxd8 52. Nc6+ 1-0

[Event "Catalunya-ch (Women) 72nd"]
[Site "Barcelona"]
[Date "2014.04.19"]
[Round "3"]
[White "Martin Perez, Laura"]
[Black "Riera Morilla, Elizabeth"]
[Result "0-1"]
[WhiteElo "2182"]
[BlackElo "2132"]
[PlyCount "64"]
[EventDate "2014.04.18"]
[EventType "swiss"]
[EventRounds "6"]
[EventCountry "ESP"]
[SourceTitle "EXT 2016"]
[Source "ChessBase"]
[SourceDate "2015.10.08"]
[SourceVersion "1"]
[SourceVersionDate "2015.10.08"]
[SourceQuality "1"]

1. e4 c5 2. Nf3 g6 3. d4 cxd4 4. Nxd4 Bg7 5. c4 Nc6 6. Nc2 d6 7. Be2 Nf6 8. Nc3 Bd7 9. 0-0 Rc8 10. f3 Ne5 11. Ne3 Bc6 12. Kh1 Ned7 13. Bd2 a5 14. Rc1 0-0 15. Re1 Nc5 16. Bf1 e5 17. Ned5 Nxd5 18. exd5 Be8 19. f4 f5 20. fxe5 Bxe5 21. Qf3 g5 22. g3 Bg6 23. Rcd1 f4 24. gxf4 Bxf4 25. Bxf4 Rxf4 26. Qg3 Qf6 27. Bh3 Rf8 28. Rf1 Ne4 29. Nxe4 Bxe4+ 30. Kg1 Rxf1+ 31. Bxf1 Qxb2 32. Bd3 Qd4+ 0-1

[Event "Llinars del Valles op 5th"]
[Site "Llinars del Valles"]
[Date "2013.11.22"]
[Round "7"]
[White "Ayats Llobera, Gerard"]
[Black "Riera Morilla, Elizabeth"]
[Result "1-0"]
[WhiteElo "2157"]
[BlackElo "2133"]
[PlyCount "53"]
[EventDate "2013.10.04"]
[EventType "swiss"]
[EventRounds "8"]
[EventCountry "ESP"]
[SourceTitle "CBM 157 Extra"]
[Source "ChessBase"]
[SourceDate "2013.12.19"]
[SourceVersion "1"]
[SourceVersionDate "2013.12.19"]
[SourceQuality "1"]

1. e4 e5 2. Nf3 Nc6 3. Bc4 Bc5 4. 0-0 Nf6 5. d4 Nxd4 6. Nxe5 0-0 7. Be3 Ne6 8. Bxe6 fxe6 9. Bxc5 d6 10. Ba3 dxe5 11. Bxf8 Qxf8 12. Nc3 b6 13. Qd3 a5 14. Qg3 Qc5 15. a4 Bb7 16. Rfe1 Rf8 17. h3 Nh5 18. Qe3 Qe7 19. Ne2 Qh4 20. Ng3 Nf6 21. Qb3 Re8 22. Rad1 g5 23. Nf5 Qh5 24. g4 Qg6 25. Rd8 Kf8 26. Qxe6 Nxe4 27. Qe7+ 1-0

[Event "Llinars del Valles op-A 7th"]
[Site "Llinars del Valles"]
[Date "2013.05.04"]
[Round "4"]
[White "Riera Morilla, Elizabeth"]
[Black "Saurina Suner, Francesc Xavier"]
[Result "1/2-1/2"]
[WhiteElo "1976"]
[BlackElo "1862"]
[PlyCount "66"]
[EventDate "2013.04.13"]
[EventType "swiss"]
[EventRounds "7"]
[EventCountry "ESP"]
[SourceTitle "EXT 2014"]
[Source "ChessBase"]
[SourceDate "2013.11.20"]
[SourceVersion "1"]
[SourceVersionDate "2013.11.20"]
[SourceQuality "1"]

1. e4 e5 2. Bc4 Nf6 3. d4 exd4 4. Nf3 Nxe4 5. Qxd4 Qe7 6. 0-0 Nc6 7. Qd1 Nc5 8. Nc3 d6 9. Nd5 Qd8 10. Ng5 Ne6 11. f4 Nxg5 12. fxg5 Ne5 13. Qh5 Bg4 14. Qh4 Qd7 15. Bb3 0-0-0 16. Qf2 Kb8 17. Be3 c5 18. c4 Be6 19. Qd2 h6 20. Rac1 Ng4 21. h3 Nxe3 22. Qxe3 hxg5 23. Qxg5 f6 24. Qd2 Rh6 25. Nf4 Bf7 26. Bd1 g5 27. Nd5 Bxd5 28. Qxd5 Qc6 29. Qf7 Qe8 30. Qxe8 Rxe8 31. Bg4 Bg7 32. Rfe1 Rhh8 33. Red1 Kc7 1/2-1/2

[Event "Catalunya-ch (Women) 71st"]
[Site "Tarragona"]
[Date "2013.03.29"]
[Round "2"]
[White "Riera Morilla, Elizabeth"]
[Black "Penas Hernandez, Yolanda"]
[Result "1-0"]
[WhiteElo "1976"]
[BlackElo "2009"]
[PlyCount "69"]
[EventDate "2013.03.29"]
[EventType "swiss"]
[EventRounds "5"]
[EventCountry "ESP"]
[SourceTitle "EXT 2015"]
[Source "ChessBase"]
[SourceDate "2014.11.20"]
[SourceVersion "1"]
[SourceVersionDate "2014.11.20"]
[SourceQuality "1"]

1. e4 e5 2. Nf3 Nc6 3. Bb5 a6 4. Ba4 Nf6 5. d3 b5 6. Bb3 Bc5 7. 0-0 0-0 8. Bg5 h6 9. Bh4 d6 10. c3 Bg4 11. Nbd2 g5 12. Bg3 Nh5 13. Bd5 Qe8 14. Re1 Rd8 15. Bxc6 Qxc6 16. Nxe5 dxe5 17. Qxg4 Rxd3 18. Nf3 Nf6 19. Qf5 Qb6 20. Nxe5 Rd2 21. b4 Be7 22. Nf3 Rd3 23. e5 Rd5 24. Nxg5 hxg5 25. Qxg5+ Kh8 26. Qh4+ Kg7 27. exf6+ Bxf6 28. Qg4+ Rg5 29. Qf3 Rh8 30. Rad1 Rhh5 31. Bf4 Rf5 32. g4 Rxf4 33. Qxf4 Rh3 34. g5 Bxc3 35. Re7 1-0

[Event "ESP-ch (Women)"]
[Site "Salobrena"]
[Date "2012.08.04"]
[Round "7"]
[White "Romero Diez, Sandra"]
[Black "Riera Morilla, Elizabeth"]
[Result "0-1"]
[WhiteElo "1844"]
[BlackElo "1968"]
[PlyCount "116"]
[EventDate "2012.07.30"]
[EventType "swiss"]
[EventRounds "7"]
[EventCountry "ESP"]
[SourceTitle "CBM 149 Extra"]
[Source "ChessBase"]
[SourceDate "2012.08.24"]
[SourceVersion "1"]
[SourceVersionDate "2012.08.24"]
[SourceQuality "1"]

1. d4 Nf6 2. c4 g6 3. Nc3 d5 4. Nf3 Bg7 5. g3 0-0 6. Bg2 c6 7. 0-0 b6 8. Ne5 Bb7 9. Qa4 Ne4 10. Rd1 f6 11. Nd3 Nxc3 12. bxc3 Qc7 13. Nf4 Qc8 14. cxd5 cxd5 15. Nxd5 Rf7 16. Ba3 e6 17. Nf4 Bxg2 18. Kxg2 g5 19. Nd3 Nd7 20. Rac1 h5 21. Nb4 Bf8 22. Bb2 a5 23. Nd3 Qb7+ 24. Kg1 h4 25. d5 hxg3 26. fxg3 Nc5 27. Qc6 exd5 28. Qxb7 Rxb7 29. Nf2 Na4 30. Ba1 Re8 31. Kf1 Rh7 32. Ng4 Rf7 33. Rxd5 f5 34. Ne5 Rfe7 35. Nd7 Bg7 36. c4 Rxe2 37. Bxg7 Kxg7 38. Rxf5 Rxh2 39. Kg1 Ree2 40. Rxg5+ Kh6 41. Rg8 Rhg2+ 42. Kf1 Ref2+ 43. Ke1 Rxa2 44. Kf1 Raf2+ 45. Ke1 Re2+ 46. Kf1 Rgf2+ 47. Kg1 Nb2 48. Nxb6 Nd3 49. Ra1 Rg2+ 50. Kh1 Rh2+ 51. Kg1 Reg2+ 52. Kf1 Rf2+ 53. Kg1 Rhg2+ 54. Kh1 Ne5 55. Rh8+ Kg7 56. Rh4 Nf3 57. Rh3 Rh2+ 58. Rxh2 Rxh2# 0-1

[Event "ESP-ch (Women)"]
[Site "Salobrena"]
[Date "2012.07.30"]
[Round "1"]
[White "Collazo Hidalgo Gato, Niala"]
[Black "Riera Morilla, Elizabeth"]
[Result "1-0"]
[WhiteElo "2253"]
[BlackElo "1968"]
[PlyCount "119"]
[EventDate "2012.07.30"]
[EventType "swiss"]
[EventRounds "7"]
[EventCountry "ESP"]
[SourceTitle "CBM 149 Extra"]
[Source "ChessBase"]
[SourceDate "2012.08.24"]
[SourceVersion "1"]
[SourceVersionDate "2012.08.24"]
[SourceQuality "1"]

1. e4 c5 2. Nf3 Nc6 3. d4 cxd4 4. Nxd4 g6 5. Nc3 Bg7 6. Be3 Nf6 7. Bc4 0-0 8. Bb3 a5 9. 0-0 Ng4 10. Qxg4 Nxd4 11. Nd5 a4 12. Bg5 Nc6 13. Bc4 h6 14. Be3 Ne5 15. Qe2 Nxc4 16. Qxc4 Ra6 17. Qb4 Qa5 18. Qxe7 Re6 19. Qh4 g5 20. Qg4 d6 21. Rad1 Re5 22. Qg3 Rxe4 23. Qxd6 Be6 24. Bc5 Bxd5 25. Rxd5 Re1 26. Bb4 Rxf1+ 27. Kxf1 Qa8 28. c4 Re8 29. Qd7 Qc8 30. Qxc8 Rxc8 31. b3 axb3 32. axb3 Ra8 33. Ba5 Kf8 34. Ke2 Ke8 35. Kd3 Ra6 36. b4 b6 37. Rd6 Bf8 38. Rxb6 Rxb6 39. Bxb6 Bxb4 40. Kd4 Kd7 41. Kd5 Bd6 42. h3 h5 43. Bd4 f5 44. Be5 Bb4 45. Bf6 g4 46. Ke5 gxh3 47. gxh3 Be1 48. f4 Kc6 49. Be7 Kd7 50. Bf8 Ke8 51. Ba3 Kd7 52. Kxf5 Bf2 53. Kf6 Bd4+ 54. Kf7 Bc3 55. f5 Kd8 56. f6 Kd7 57. Be7 Be5 58. Bb4 h4 59. Kg6 Ke6 60. f7 1-0

[Event "Catalunya-ch (Women) 69th"]
[Site "Barcelona"]
[Date "2011.??.??"]
[Round "1"]
[White "Las Heras Aixandri, Sara"]
[Black "Riera Morilla, Elizabeth"]
[Result "0-1"]
[WhiteElo "1550"]
[BlackElo "1929"]
[PlyCount "68"]
[EventDate "2011.12.03"]
[EventType "swiss"]
[EventRounds "6"]
[EventCountry "ESP"]
[SourceTitle "CBM 145 Extra"]
[Source "ChessBase"]
[SourceDate "2012.01.03"]
[SourceVersion "1"]
[SourceVersionDate "2012.01.03"]
[SourceQuality "1"]

1. e4 c5 2. Nc3 g6 3. f4 Bg7 4. Bc4 Nc6 5. Nf3 e6 6. 0-0 Nge7 7. d3 0-0 8. Be3 d5 9. f5 dxc4 10. Bxc5 b6 11. Nd2 exf5 12. Bxe7 Nxe7 13. Qf3 Bb7 14. Nxc4 fxe4 15. dxe4 Qc7 16. Qd3 Ba6 17. b3 b5 18. Ne3 Qxc3 19. Rad1 Qxd3 20. Rxd3 b4 21. Nc4 Bxc4 22. bxc4 Nc6 23. Rb3 Rad8 24. Rd3 Ne5 25. Rd5 Nxc4 26. Rc5 Bd4+ 27. Kh1 Bxc5 28. h3 Rd2 29. Rc1 Rfd8 30. Kh2 Bd6+ 31. Kh1 Bg3 32. Rf1 Rd1 33. Kg1 Ne3 34. c3 Rxf1# 0-1

[Event "Catalunya-ch U20"]
[Site "Vila Seca"]
[Date "2010.04.05"]
[Round "8"]
[White "Marin Benito, Carla"]
[Black "Riera Morilla, Elizabeth"]
[Result "1-0"]
[WhiteElo "1812"]
[BlackElo "1930"]
[PlyCount "57"]
[EventDate "2010.03.31"]
[EventType "swiss"]
[EventRounds "9"]
[EventCountry "ESP"]
[SourceTitle "CBM 135 Extra"]
[Source "ChessBase"]
[SourceDate "2010.05.04"]
[SourceVersion "1"]
[SourceVersionDate "2010.05.04"]
[SourceQuality "1"]

1. e4 c5 2. Nc3 g6 3. g3 Bg7 4. Bg2 Nc6 5. d3 e6 6. Be3 Nd4 7. Nce2 Nxe2 8. Nxe2 Bxb2 9. Rb1 Bg7 10. Bxc5 d6 11. Bb4 Qc7 12. 0-0 Ne7 13. Qd2 0-0 14. Bc3 e5 15. Bb2 Be6 16. c4 Nc6 17. Ba3 f5 18. f4 fxe4 19. Bxe4 Bh6 20. Qb2 Rab8 21. fxe5 Rxf1+ 22. Rxf1 dxe5 23. Nc3 Nd4 24. Nd5 Qd8 25. Be7 Qa5 26. Bd6 Ra8 27. Bxe5 Be3+ 28. Kh1 Bh3 29. Ne7# 1-0